000 00560nam a22001817a 4500
005 20251108164153.0
008 250721s1995 xx 000 0 ara d
082 1 4 _a301.29565/مصل
100 1 _aالمصلح، أحمد
245 1 0 _aملامح عامة للحياة الثقافية في الأردن 1953-1993م /
264 1 _aعمان :
_bلجنة تاريخ الأردن،
_c1995.
300 _a488ص.
490 0 _aسلسلة كتب المطالعة
_v5
650 1 7 _aالثقافة
650 1 7 _aالأردن
942 _2ddc
_cBK
999 _c5391
_d5391